Asia by Official Language - Statistics

General Stats
  • This quiz has been taken 169 times
    154 since last reset
  • The average score is 43 of 48
Answers on the Map
Answers color-coded by a green-red scale on the quiz's map according to % correct below.
 
Answer Stats
Country Language % Correct
Singapore English, Mandarin, Malay, Tamil
100%
India English, Hindi
99%
Bahrain Arabic
98%
Jordan Arabic
98%
Kuwait Arabic
98%
Lebanon Arabic
98%
Oman Arabic
98%
Qatar Arabic
98%
Saudi Arabia Arabic
98%
Syria Arabic
98%
United Arab Emirates Arabic
98%
Yemen Arabic
98%
Iraq Arabic, Kurdish
98%
Iran Persian
98%
Philippines English, Filipino
96%
Cyprus Greek, Turkish
96%
Japan Japanese
96%
North Korea Korean
96%
South Korea Korean
96%
Brunei Malay
96%
Malaysia Malay
96%
Mongolia Mongolian
96%
Turkey Turkish
96%
Kazakhstan Kazakh, Russian
95%
Taiwan Mandarin
94%
Indonesia Indonesian
93%
China Mandarin
93%
Thailand Thai
93%
Vietnam Vietnamese
93%
Pakistan English, Urdu
92%
Armenia Armenian
91%
Laos Lao
91%
Georgia Georgian
90%
Israel Hebrew
90%
Bangladesh Bengali
88%
Tajikistan Tajik
88%
Turkmenistan Turkmen
88%
Uzbekistan Uzbek
88%
Myanmar Burmese
85%
Kyrgyzstan Kyrgyz
81%
Nepal Nepali
81%
Sri Lanka Sinhala, Tamil
73%
Cambodia Khmer
70%
Afghanistan Dari, Pashto
69%
Bhutan Dzongkha
58%
East Timor Portuguese, Tetum
49%
Azerbaijan Azeri
48%
Maldives Dhivehi
41%
No matching quizzes found
Score Distribution
Percent of People with Each Score
Percentile by Number Answered
Your Score History
You have not taken this quiz since the last reset